[Event "Palma de Mallorca op U2200"]
[Site "Palma de Mallorca"]
[Date "2013.01.12"]
[Round "1"]
[White "Mateu Mir, Gabriel"]
[Black "Sanchez Fernandez, Jose Joaquin"]
[Result "0-1"]
[WhiteElo "1552"]
[BlackElo "1989"]
[PlyCount "89"]
[EventDate "2013.01.12"]
[EventType "swiss"]
[EventRounds "9"]
[EventCountry "ESP"]
[SourceTitle "EXT 2014"]
[Source "ChessBase"]
[SourceDate "2013.11.20"]
[SourceVersion "1"]
[SourceVersionDate "2013.11.20"]
[SourceQuality "1"]

1. d4 Nf6 2. c4 e6 3. Nc3 Bb4 4. Bd2 c5 5. d5 0-0 6. a3 Ba5 7. Nf3 d6 8. Qc2 exd5 9. Nxd5 Bxd2+ 10. Qxd2 Be6 11. Nxf6+ Qxf6 12. e3 Rd8 13. Be2 d5 14. cxd5 Bxd5 15. Qc2 b6 16. 0-0 Nd7 17. b4 Rac8 18. Qb1 Be6 19. b5 Ne5 20. Nxe5 Qxe5 21. Bf3 Bc4 22. Rc1 Bd3 23. Qb3 c4 24. Qb4 Rc5 25. a4 Rd6 26. Rc3 f5 27. Rac1 g5 28. g3 f4 29. Qb2 fxe3 30. fxe3 Qxe3+ 31. Qf2 Qxf2+ 32. Kxf2 Rf6 33. Kg2 Rcf5 34. Bc6 Rf2+ 35. Kg1 Rf1+ 36. Rxf1 Rxf1+ 37. Kg2 Rf5 38. Rc1 Re5 39. g4 Kf7 40. Kg3 Ke6 41. h4 gxh4+ 42. Kxh4 Kd6 43. g5 Kc5 44. Kh5 Kb4 45. Be8 0-1

[Event "Alcudia Belleuve"]
[Site "Alcudia"]
[Date "2012.10.16"]
[Round "3.31"]
[White "Mateu Mir, Gabriel"]
[Black "Carranza Pons, Ricardo Nelson"]
[Result "0-1"]
[WhiteElo "1575"]
[BlackElo "1718"]
[PlyCount "38"]
[EventDate "2012.10.14"]
[EventType "swiss"]
[EventRounds "9"]
[EventCountry "ESP"]
[SourceTitle "EXT 2024"]
[Source "ChessBase"]
[SourceDate "2023.10.10"]
[SourceVersion "1"]
[SourceVersionDate "2023.10.10"]
[SourceQuality "1"]

1. d4 Nf6 2. c4 g6 3. Nc3 d5 4. cxd5 Nxd5 5. e4 Nxc3 6. bxc3 Bg7 7. Nf3 0-0 8. Bc4 c5 9. Be3 Bg4 10. h3 Bxf3 11. gxf3 cxd4 12. cxd4 Nc6 13. e5 Na5 14. Bd3 Qd7 15. Qd2 Qa4 16. Bc2 Qa3 17. Bh6 Nc4 18. Qf4 Qc3+ 19. Kd1 Qxa1+ 0-1

[Event "Alcudia Belleuve"]
[Site "Alcudia"]
[Date "2012.10.15"]
[Round "2.30"]
[White "Fullana Benito, David"]
[Black "Mateu Mir, Gabriel"]
[Result "1-0"]
[WhiteElo "1813"]
[BlackElo "1575"]
[PlyCount "113"]
[EventDate "2012.10.14"]
[EventType "swiss"]
[EventRounds "9"]
[EventCountry "ESP"]
[SourceTitle "EXT 2024"]
[Source "ChessBase"]
[SourceDate "2023.10.10"]
[SourceVersion "1"]
[SourceVersionDate "2023.10.10"]
[SourceQuality "1"]

1. e4 e5 2. Nf3 Nc6 3. Bc4 h6 4. c3 Nf6 5. Qb3 Qe7 6. Qc2 a6 7. b4 b5 8. Bb3 Bb7 9. 0-0 a5 10. bxa5 Nxa5 11. Ba3 d6 12. d3 Nxb3 13. Qxb3 Qd7 14. Nbd2 c5 15. Bxc5 dxc5 16. Nxe5 c4 17. Nxd7 cxb3 18. Nxf6+ gxf6 19. axb3 Bg7 20. f4 f5 21. e5 0-0 22. d4 Kh7 23. c4 Rg8 24. d5 bxc4 25. bxc4 Bf8 26. g3 Bc5+ 27. Kg2 h5 28. Nf3 Be3 29. Rxa8 Bxa8 30. Nh4 Bb7 31. Nxf5 Bc5 32. Kf3 Ba6 33. Rc1 Rb8 34. Ke4 Rb4 35. Kd3 Rb3+ 36. Rc3 Rb2 37. h4 Rf2 38. Nd4 Bb4 39. Rc2 Rf1 40. Ke4 Re1+ 41. Kf5 Re3 42. Ne2 Bc8+ 43. Kf6 Kg8 44. Rb2 Bf8 45. d6 Bg4 46. Nd4 Rxg3 47. Rc2 Bd1 48. Rc1 Ba4 49. c5 Bd7 50. f5 Bg7+ 51. Ke7 Ba4 52. c6 Bf8+ 53. Kd8 Rd3 54. c7 Re3 55. c8Q Rxe5 56. Kc7 Re8 57. d7 1-0

[Event "Mallorca-chC"]
[Site "Palma de Mallorca"]
[Date "2011.11.26"]
[Round "6"]
[White "Marques Maroto, Jaime"]
[Black "Mateu Mir, Gabriel"]
[Result "1-0"]
[WhiteElo "1750"]
[BlackElo "1642"]
[PlyCount "55"]
[EventDate "2011.10.29"]
[EventType "swiss"]
[EventRounds "8"]
[EventCountry "ESP"]
[SourceTitle "EXT 2017"]
[Source "ChessBase"]
[SourceDate "2016.10.25"]
[SourceVersion "1"]
[SourceVersionDate "2016.10.25"]
[SourceQuality "1"]

1. e4 e5 2. f4 exf4 3. Nf3 Nf6 4. Bc4 d5 5. exd5 Nxd5 6. Qe2+ Be7 7. Qe5 0-0 8. Qxd5 Qe8 9. 0-0 Nc6 10. d3 Be6 11. Qe4 Nb4 12. Na3 c6 13. Bxe6 fxe6 14. Qxe6+ Kh8 15. Re1 Bc5+ 16. d4 Bb6 17. Bd2 Nd5 18. Nc4 Qh5 19. Re5 Rae8 20. Rxh5 Rxe6 21. Re5 Rg6 22. Rae1 h6 23. Nxb6 axb6 24. Re8 Rxe8 25. Rxe8+ Kh7 26. c4 Nf6 27. Re7 Rg4 28. h3 1-0

[Event "Mallorca-chC"]
[Site "Palma de Mallorca"]
[Date "2011.11.06"]
[Round "3"]
[White "Mateu Mir, Gabriel"]
[Black "Diez Cabeza, Vicente"]
[Result "0-1"]
[WhiteElo "1642"]
[BlackElo "1624"]
[PlyCount "86"]
[EventDate "2011.10.29"]
[EventType "swiss"]
[EventRounds "8"]
[EventCountry "ESP"]
[SourceTitle "EXT 2017"]
[Source "ChessBase"]
[SourceDate "2016.10.25"]
[SourceVersion "1"]
[SourceVersionDate "2016.10.25"]
[SourceQuality "1"]

1. d4 d5 2. c4 Nc6 3. Nc3 dxc4 4. e3 e6 5. Bxc4 Nf6 6. a3 Be7 7. Nf3 a6 8. 0-0 b5 9. Ba2 0-0 10. b4 Rb8 11. Bb2 a5 12. Qe2 axb4 13. axb4 Nxb4 14. Bb3 Bd7 15. Rfc1 c6 16. Ne5 Rb7 17. Nxd7 Qxd7 18. Qf3 Nbd5 19. Ne4 Nxe4 20. Qxe4 Rc8 21. Qg4 Nf6 22. Qg3 Qc7 23. Qh3 Ra7 24. Bc2 h6 25. Bd3 Rxa1 26. Bxa1 Qa5 27. e4 Qa3 28. Rd1 Qa4 29. Rb1 b4 30. Bb2 Qa2 31. Bc1 Qa5 32. e5 Nh7 33. Qg3 Bg5 34. f4 Be7 35. f5 Bg5 36. h4 Bxc1 37. f6 g5 38. Rxc1 Qd5 39. Bxh7+ Kxh7 40. hxg5 Qxd4+ 41. Kh2 Rg8 42. Rxc6 Rxg5 43. Rd6 Rh5+ 0-1

[Event "Mallorca-chC"]
[Site "Palma de Mallorca"]
[Date "2011.11.05"]
[Round "2"]
[White "Carranza Pons, Ricardo Nelson"]
[Black "Mateu Mir, Gabriel"]
[Result "1-0"]
[WhiteElo "1794"]
[BlackElo "1642"]
[PlyCount "119"]
[EventDate "2011.10.29"]
[EventType "swiss"]
[EventRounds "8"]
[EventCountry "ESP"]
[SourceTitle "EXT 2017"]
[Source "ChessBase"]
[SourceDate "2016.10.25"]
[SourceVersion "1"]
[SourceVersionDate "2016.10.25"]
[SourceQuality "1"]

1. d4 d5 2. Nf3 Nf6 3. Bf4 Nc6 4. e3 e6 5. Bd3 Nh5 6. Ne5 Nxf4 7. exf4 Nxd4 8. c3 Nc6 9. Bb5 Bd7 10. Nxd7 Qxd7 11. 0-0 Bd6 12. Qg4 0-0 13. Rd1 a6 14. Ba4 b5 15. Bc2 f5 16. Qf3 Rf6 17. a4 b4 18. c4 dxc4 19. b3 c3 20. Rd3 a5 21. Nxc3 bxc3 22. Rxc3 Ra6 23. Bd3 Bb4 24. Bxa6 Bxc3 25. Qxc3 Nb4 26. Bc4 Kh8 27. Re1 Qc6 28. Qd2 h6 29. Qe2 Rg6 30. f3 Nd5 31. Qd2 Qd6 32. Re5 c6 33. Bxd5 cxd5 34. Qxa5 Qa3 35. Qc3 Qa2 36. g3 d4 37. Qxd4 Qxb3 38. a5 Qxf3 39. Qf2 Qd1+ 40. Re1 Qa4 41. Qb6 Qxf4 42. a6 Rxg3+ 43. hxg3 Qxg3+ 44. Kf1 Qf3+ 45. Qf2 Qh1+ 46. Ke2 Qe4+ 47. Qe3 Qc4+ 48. Qd3 Qg4+ 49. Kd2 Qb4+ 50. Qc3 Qf4+ 51. Kc2 Qa4+ 52. Qb3 Qc6+ 53. Kb2 Qxa6 54. Rxe6 Qf1 55. Re8+ Kh7 56. Qg8+ Kg6 57. Re6+ Kh5 58. Qf7+ Kg5 59. Qxg7+ Kf4 60. Qxh6+ 1-0

[Event "Mallorca-chC"]
[Site "Palma de Mallorca"]
[Date "2011.10.29"]
[Round "1"]
[White "Mateu Mir, Gabriel"]
[Black "Nadal Bestard, Sebastian"]
[Result "0-1"]
[WhiteElo "1642"]
[BlackElo "1814"]
[PlyCount "50"]
[EventDate "2011.10.29"]
[EventType "swiss"]
[EventRounds "8"]
[EventCountry "ESP"]
[SourceTitle "EXT 2017"]
[Source "ChessBase"]
[SourceDate "2016.10.25"]
[SourceVersion "1"]
[SourceVersionDate "2016.10.25"]
[SourceQuality "1"]

1. d4 d5 2. c4 e5 3. dxe5 d4 4. a3 Nc6 5. b4 Nxe5 6. c5 Be6 7. Bb2 g6 8. Nd2 Bg7 9. Ngf3 Ne7 10. Nxd4 Nd3+ 11. exd3 Bxd4 12. Bxd4 Qxd4 13. Be2 Nd5 14. 0-0 Nf4 15. Nf3 Qd5 16. d4 0-0 17. Qd2 Qf5 18. Rfc1 Bd5 19. Rc3 Qg4 20. Ne1 Nxe2+ 21. Kf1 Nxc3 22. Qxc3 Rfe8 23. f3 Qe6 24. Nd3 Bc4 25. Kg1 Qe3+ 0-1

[Event "Palma de Mallorca op 4th"]
[Site "Palma de Mallorca"]
[Date "2009.11.21"]
[Round "1"]
[White "Genutis, Mindaugas"]
[Black "Mateu Mir, Gabriel"]
[Result "1-0"]
[WhiteElo "2295"]
[BlackElo "1637"]
[PlyCount "67"]
[EventDate "2009.11.21"]
[EventType "swiss"]
[EventRounds "9"]
[EventCountry "ESP"]
[SourceTitle "EXT 2011"]
[Source "ChessBase"]
[SourceDate "2010.11.26"]
[SourceVersion "1"]
[SourceVersionDate "2010.11.26"]
[SourceQuality "1"]

1. d4 d5 2. c4 c6 3. Nc3 Nf6 4. e3 e6 5. Nf3 Bb4 6. Bd2 0-0 7. Bd3 c5 8. a3 cxd4 9. exd4 dxc4 10. Bxc4 Be7 11. 0-0 Nc6 12. Bg5 a6 13. Qd2 b5 14. Bd3 Bb7 15. Rad1 Qc7 16. Bb1 Rfd8 17. Rfe1 Rd7 18. Qc2 g6 19. Ba2 Rad8 20. Bxf6 Bxf6 21. d5 Ne5 22. Nxe5 Bxe5 23. dxe6 Rxd1 24. exf7+ Kf8 25. Rxd1 Rxd1+ 26. Qxd1 Bxh2+ 27. Kh1 Be5 28. Qd2 Qe7 29. Qh6+ Bg7 30. Qe3 Be5 31. Kg1 Qf6 32. Qh6+ Qg7 33. Qh4 Bf6 34. Qf4 1-0

[Event "Palma de Mallorca op 3rd"]
[Site "Palma de Mallorca"]
[Date "2008.12.14"]
[Round "9"]
[White "Cerdo Fernandez, Miguel"]
[Black "Mateu Mir, Gabriel"]
[Result "1-0"]
[WhiteElo "2013"]
[BlackElo "1732"]
[PlyCount "141"]
[EventDate "2008.12.06"]
[EventType "swiss"]
[EventRounds "9"]
[EventCountry "ESP"]
[SourceTitle "CBM 127 Extra"]
[Source "ChessBase"]
[SourceDate "2009.01.08"]
[SourceVersion "2"]
[SourceVersionDate "2009.01.28"]
[SourceQuality "1"]

1. e4 e5 2. Nf3 Nc6 3. Bb5 d6 4. Bxc6+ bxc6 5. d4 Nf6 6. dxe5 Nxe4 7. 0-0 d5 8. Nbd2 Nxd2 9. Bxd2 Be7 10. c4 0-0 11. Bc3 Ba6 12. b3 dxc4 13. Qe2 Qd5 14. Rfd1 Qe6 15. b4 c5 16. a3 Rad8 17. Qe3 Rd3 18. Rxd3 cxd3 19. bxc5 Rd8 20. Rd1 Qc4 21. Bb4 c6 22. Nd2 Qc2 23. Re1 h6 24. Ne4 f5 25. Nd6 f4 26. Qxf4 Rf8 27. Qd2 Bg5 28. Qxc2 dxc2 29. e6 Be2 30. a4 Bg4 31. Ba3 Bd1 32. e7 Bxe7 33. Rxe7 a6 34. Bb2 Rb8 35. Rxg7+ Kf8 36. Rb7 Rxb7 37. Nxb7 Ke7 38. Kf1 h5 39. Ke1 Ke6 40. Kd2 Kd5 41. f4 Ke4 42. Be5 c1Q+ 43. Kxc1 Bxa4 44. g3 Bb3 45. h3 Be6 46. Nd6+ Kd5 47. h4 Kxc5 48. f5 Bg8 49. f6 Kd5 50. f7 Bxf7 51. Nxf7 Ke6 52. Kc2 Kxf7 53. Kc3 Ke6 54. Bc7 Kf5 55. Kb4 Kg4 56. Ka5 c5 57. Kxa6 c4 58. Kb5 c3 59. Kc4 c2 60. Bf4 c1Q+ 61. Bxc1 Kxg3 62. Bg5 Kg4 63. Kd5 Kf5 64. Kd6 Kg6 65. Ke6 Kh7 66. Kf6 Kh8 67. Kg6 Kg8 68. Bf6 Kf8 69. Kxh5 Kf7 70. Kg5 Kg8 71. Kg6 1-0